000
00360nam a2200145Ia 4500
008
090122s9999 xx 000 0 und d
082
_b
10605
100
_a
शिरवळकर
_b
सुहास
245
_a
झलक
600
_a
शिरवळकर
630
_a
झलक
700
_a
शिरवळकर
730
_a
झलक
942
_c
BOOK
999
_c
34682
_d
34682